000
00250nam a2200097Ia 4500
001
1220699
005
20250827092815.0
008
250824s9999 xx 000 0 und d
245
0
_a
ZOE'NİN MASASINDAN
_c
JANAE MARKS
260
_b
GENÇ TİMAŞ YAYINLARI
999
_c
1220699
_d
1220699